| 000 | 00878cam a2200277 a 4500 | ||
|---|---|---|---|
| 001 | 14710375 | ||
| 005 | 20180205090824.0 | ||
| 008 | 070125s2008 njua b 001 0 eng | ||
| 010 | _a 2007003107 | ||
| 020 | _a9780132225953 (pbk.) | ||
| 020 | _a0132225956 (pbk.) | ||
| 035 | _a(OCoLC)ocm80360585 | ||
| 035 | _a(OCoLC)80360585 | ||
| 040 |
_aDLC _cDLC _dYDX _dBAKER _dBTCTA _dYDXCP _dDLC |
||
| 041 | _aeng | ||
| 043 | _an-us--- | ||
| 080 | _a658.3 WAY | ||
| 082 | 0 | 0 |
_a658.3 WAY _222 |
| 100 | 1 | _a54 | |
| 101 | _aMAN | ||
| 245 | 1 | 0 |
_aHuman resource management / _cR. Wayne Mondy ; in collaboration with Judy Bandy Mondy. |
| 504 | _aIncludes bibliographical references and indexes. | ||
| 906 |
_a7 _bcbc _corignew _d1 _eecip _f20 _gy-gencatlg |
||
| 942 |
_2ddc _cBK |
||
| 999 |
_c41819 _d41819 |
||